|
|
|
|
| LEADER |
00000cam a2200000 a 4500 |
| 001 |
UCF6835 |
| 003 |
CL-VaPUC |
| 008 |
130524e20100400CL |||||||||||||||||spa|d |
| 020 |
|
|
|a 9789568303631
|
| 082 |
0 |
4 |
|a 305.8
|b MON
|2 21
|
| 100 |
|
|
|a Montecino Aguirre, Sonia
|e autora
|9 342204
|
| 245 |
1 |
0 |
|a Madres y huachos: alegorías del mestizaje chileno
|
| 250 |
|
|
|a 5a. ed
|
| 300 |
|
|
|a 278 p
|
| 942 |
|
|
|c BK
|
| 945 |
|
|
|d 20130524 00:00:00
|a dcastane
|
| 260 |
|
|
|a Santiago
|b Catalonia
|c 2010
|
| 650 |
|
0 |
|a Derechos de la mujer
|9 257074
|
| 650 |
|
0 |
|a Mestizaje
|9 314827
|
| 650 |
|
7 |
|a HIJOS LEGITIMOS
|2 CL-VaPUC
|9 385916
|
| 650 |
|
0 |
|a Antropología cultural y social
|9 265143
|
| 583 |
|
|
|a last modification
|c 20130524 08:39:00
|k Rodrigo Vera
|
| 999 |
|
|
|c 351890
|d 351888
|
| 952 |
|
|
|0 0
|1 0
|2 ddc
|4 2
|6 305_800000000000000_MON_2010
|7 0
|8 R
|9 456294
|a BIBGIM
|b BIBGIM
|d 2019-11-22
|i 4975537
|l 8
|o 305.8 MON 2010
|p 4975537
|r 2025-01-15
|s 2024-03-18
|w 2019-11-22
|y BK_R
|k MTS
|
| 952 |
|
|
|0 0
|1 0
|4 0
|6 305_800000000000000_MON_2010
|7 0
|8 R
|9 456295
|a BIBGIM
|b BIBGIM
|d 2019-11-22
|i 4975545
|l 12
|m 4
|o 305.8 MON 2010
|p 4975545
|q 2025-04-25
|r 2025-04-10
|s 2025-04-10
|w 2019-11-22
|y BK_R
|k MTS
|